<?xml version="1.0" encoding="UTF-8"?><?xml-stylesheet type="text/xsl" href="static/style.xsl"?><OAI-PMH xmlns="http://www.openarchives.org/OAI/2.0/" xmlns:xsi="http://www.w3.org/2001/XMLSchema-instance" xsi:schemaLocation="http://www.openarchives.org/OAI/2.0/ http://www.openarchives.org/OAI/2.0/OAI-PMH.xsd"><responseDate>2026-06-30T01:54:36Z</responseDate><request verb="GetRecord" identifier="oai:repisalud.isciii.es:20.500.12105/5718" metadataPrefix="marc">https://repisalud.isciii.es/rest/oai/request</request><GetRecord><record><header><identifier>oai:repisalud.isciii.es:20.500.12105/5718</identifier><datestamp>2024-09-27T20:59:38Z</datestamp><setSpec>com_20.500.12105_2052</setSpec><setSpec>com_20.500.12105_2051</setSpec><setSpec>col_20.500.12105_19609</setSpec></header><metadata><record xmlns="http://www.loc.gov/MARC21/slim" xmlns:dcterms="http://purl.org/dc/terms/" xmlns:doc="http://www.lyncode.com/xoai" xmlns:xsi="http://www.w3.org/2001/XMLSchema-instance" xsi:schemaLocation="http://www.loc.gov/MARC21/slim http://www.loc.gov/standards/marcxml/schema/MARC21slim.xsd">
   <leader>00925njm 22002777a 4500</leader>
   <datafield ind2=" " ind1=" " tag="042">
      <subfield code="a">dc</subfield>
   </datafield>
   <datafield ind2=" " ind1=" " tag="720">
      <subfield code="a">Luplertlop, Natthanej</subfield>
      <subfield code="e">author</subfield>
   </datafield>
   <datafield ind2=" " ind1=" " tag="720">
      <subfield code="a">Pumeesat, Potjaman</subfield>
      <subfield code="e">author</subfield>
   </datafield>
   <datafield ind2=" " ind1=" " tag="720">
      <subfield code="a">Muangkaew, Watcharamat</subfield>
      <subfield code="e">author</subfield>
   </datafield>
   <datafield ind2=" " ind1=" " tag="720">
      <subfield code="a">Wongsuk, Thanwa</subfield>
      <subfield code="e">author</subfield>
   </datafield>
   <datafield ind2=" " ind1=" " tag="720">
      <subfield code="a">Alastruey-Izquierdo, Ana</subfield>
      <subfield code="e">author</subfield>
   </datafield>
   <datafield ind2=" " ind1=" " tag="260">
      <subfield code="c">2016-07-28</subfield>
   </datafield>
   <datafield ind2=" " ind1=" " tag="520">
      <subfield code="a">The Scedosporium apiospermum species complex, comprising filamentous fungal species S. apiospermum sensu stricto, S. boydii, S. aurantiacum, S. dehoogii and S. minutispora, are important pathogens that cause a wide variety of infections. Although some species (S. boydii and S. apiospermum) have been isolated from patients in Thailand, no environmental surveys of these fungi have been performed in Thailand or surrounding countries. In this study, we isolated and identified species of these fungi from 68 soil and 16 water samples randomly collected from 10 parks in Bangkok. After filtration and subsequent inoculation of samples on Scedo-Select III medium, colony morphological examinations and microscopic observations were performed. Scedosporium species were isolated from soil in 8 of the 10 parks, but were only detected in one water sample. Colony morphologies of isolates from 41 of 68 soil samples (60.29%) and 1 of 15 water samples (6.67%) were consistent with that of the S. apiospermum species complex. Each morphological type was selected for species identification based on DNA sequencing and phylogenetic analysis of the β-tubulin gene. Three species of the S. apiospermum species complex were identified: S. apiospermum (71 isolates), S. aurantiacum (6 isolates) and S. dehoogii (5 isolates). In addition, 16 sequences could not be assigned to an exact Scedosporium species. According to our environmental survey, the S. apiospermum species complex is widespread in soil in Bangkok, Thailand.</subfield>
   </datafield>
   <datafield ind1="8" ind2=" " tag="024">
      <subfield code="a">PLoS One. 2016;11(7):e0159869.</subfield>
   </datafield>
   <datafield ind1="8" ind2=" " tag="024">
      <subfield code="a">10.1371/journal.pone.0159869</subfield>
   </datafield>
   <datafield ind1="8" ind2=" " tag="024">
      <subfield code="a">1932-6203</subfield>
   </datafield>
   <datafield ind1="8" ind2=" " tag="024">
      <subfield code="a">1932-6203</subfield>
   </datafield>
   <datafield ind1="8" ind2=" " tag="024">
      <subfield code="a">PLOS ONE</subfield>
   </datafield>
   <datafield ind1="8" ind2=" " tag="024">
      <subfield code="a">27467209</subfield>
   </datafield>
   <datafield ind1="8" ind2=" " tag="024">
      <subfield code="a">http://hdl.handle.net/20.500.12105/5718</subfield>
   </datafield>
   <datafield tag="653" ind2=" " ind1=" ">
      <subfield code="a">Mycoses</subfield>
   </datafield>
   <datafield tag="653" ind2=" " ind1=" ">
      <subfield code="a">Phylogeny</subfield>
   </datafield>
   <datafield tag="653" ind2=" " ind1=" ">
      <subfield code="a">Public Sector</subfield>
   </datafield>
   <datafield tag="653" ind2=" " ind1=" ">
      <subfield code="a">Scedosporium</subfield>
   </datafield>
   <datafield tag="653" ind2=" " ind1=" ">
      <subfield code="a">Soil Microbiology</subfield>
   </datafield>
   <datafield tag="653" ind2=" " ind1=" ">
      <subfield code="a">Thailand</subfield>
   </datafield>
   <datafield tag="653" ind2=" " ind1=" ">
      <subfield code="a">Tubulin</subfield>
   </datafield>
   <datafield tag="653" ind2=" " ind1=" ">
      <subfield code="a">Water Microbiology</subfield>
   </datafield>
   <datafield tag="653" ind2=" " ind1=" ">
      <subfield code="a">Recreation</subfield>
   </datafield>
   <datafield ind2="0" ind1="0" tag="245">
      <subfield code="a">Environmental Screening for the Scedosporium apiospermum Species Complex in Public Parks in Bangkok, Thailand</subfield>
   </datafield>
</record></metadata></record></GetRecord></OAI-PMH>